Selena Gomez Collaborations - Statistics

General Stats
  • This quiz has been taken 48 times
  • The average score is 6 of 10
Answer Stats
artist year Answer % Correct
Marshmello 2017 Wolves
95%
A$ap Rocky 2015 Good For You
81%
Zedd 2015 I Want You to Know
77%
Julia Michaels 2019 Anxiety
72%
Demi Lovato 2009 One and the Same
56%
6Lack 2020 Crowded Room
53%
Kid Cudi 2020 Sweeter Place
44%
Prince Royce 2013 Already Missing You
35%
Pixie Lott 2011 We Own the Night
35%
Eric Bellinger 2010 Intuition
33%
No matching quizzes found
Score Distribution
Percent of People with Each Score
Percentile by Number Answered
Your Score History
You have not taken this quiz